Athletes Who Wore #5 - Statistics

General Stats
  • This quiz has been taken 54 times
  • The average score is 10 of 20
Answer Stats
Team Years Player % Correct
Philadelphia Eagles 1999-2009 Donovan McNabb
80%
Boston Celtics 2008-2013 Kevin Garnett
76%
Baltimore Ravens 2008-2018 Joe Flacco
72%
St. Louis Cardinals 2001-2011, 2022 Albert Pujols
70%
Jacksonville Jaguars 2014-2018 Blake Bortles
65%
USC Football 2003-2005 Reggie Bush
63%
Sacramento Kings 2017- De'Aaron Fox
61%
New Jersey Nets 2001-2008 Jason Kidd
57%
Atlanta Braves 2010-2021 Freddie Freeman
54%
Kansas City Royals 1975-1993 George Brett
54%
Cincinnati Reds 1967-1983 Johnny Bench
52%
New York Yankees 1937-1942, 1946-1951 Joe DiMaggio
50%
Baltimore Orioles 1957-1977 Brooks Robinson
43%
Michigan Men's Basketball 1991-1994 Jalen Rose
39%
New York Mets 2004-2018 David Wright
37%
Arkansas Football 2005-2007 Darren McFadden
35%
Boston Red Sox 1996-2004 Nomar Garciaparra
35%
Detroit Tigers 1934-1941, 1945-1946 Hank Greenberg
22%
Detroit Red Wings 1991-2012 Nicklas Lidstrom
22%
Manchester United 2019- Harry Maguire
15%
No matching quizzes found
Score Distribution
Percent of People with Each Score
Percentile by Number Answered
Your Score History
You have not taken this quiz